000 01762nam a2200325 c 4500
003 BLK
005 20250725143749.0
008 180411b bul|||||r ||||||| ||bul||
010 _aKNG00216089000
040 _aBLK
041 _aBUL
_cBUL
080 _aЖивот. Смърт. Витализъм. Анабиоза. Стареене. Биологична енергия въобще. Сравнение на човека с животни и растения. Физиологична същност на оживяването на организма след клинична смърт
_b612.013
_x
_z612.013
080 _aДуша. Същност на живота и смъртта
_b128
_x
_z128
080 _aОсобени духовни състояния и процеси. Медитация
_b159.96
_x
_z159.96
100 1 _aМуди, Реймънд
_eпърви автор
_9350927
700 1 _aСлабакова, Румяна
_eпрев. от англ.
_9386697
700 1 _aАнгелов, Златко
_eпрев. от англ.
_9374360
139 _aМуди, Реймънд
_bМ 95
245 1 0 _aЖивот след живота
_bИзследване на едно явление - оживяването след телесната смърт
_cРеймънд Муди; прев. от англ. Румяна Слабакова; прев. от англ. Златко Ангелов.
257 _aBGR
260 София
_bИнтерпринт
_c1991
300 _a152 с.
_c17 см
380 _a61
852 _aЦб І 25165
856 4 _qpdf
_u
856 4 _qpdf
_u
942 _cKNG
_n0
_03
944 _aCR
_c14.02.2018
_k30575
_lМартин Енчев
944 _aED
_c14.02.2018
_kХристина_Везирева
999 _c206340
_d206340